|
000
|
00739nam0 2200253 45
|
|
001
|
0000077066
|
|
005
|
20060302191914.93
|
|
010
|
|
@dCNY1.70
|
|
091
|
|
@aCN@b7111.1612
|
|
100
|
|
@a19900802d1986 demy0chiy0121 ea
|
|
101
|
0
|
@achi@aeng
|
|
102
|
|
@aCN@b440000
|
|
105
|
|
@ay z 000yy
|
|
200
|
10
|
@a走向生活@Azou xiang sheng huo@dOn we go@h中册@f《On we go》改编组编@F《On we go》gai bian zu bian@zeng
|
|
210
|
|
@a广州@c广东人民出版社@d1986.01
|
|
215
|
|
@a193页@d19cm
|
|
510
|
1
|
@aOn we go@zeng
|
|
606
|
|
@a英语@x中学@x课外读物
|
|
606
|
0
|
@a外语@x常用
|
|
690
|
|
@aH3@v3
|
|
701
|
0
|
@a《On we go》改编组@A《On we go》gai bian zu@4编
|
|
801
|
2
|
@aCN@bNLC@c20060302
|
|
801
|
0
|
@aCN@b深圳图书馆
|
|
905
|
|
@a10447@dH3@e241:2
|
|
|
|
|
| |
| 走向生活=On we go.中册/《On we go》改编组编.-广州:广东人民出版社,1986.01 |
| 193页;19cm |
| |
| |
| ISBN :CNY1.70 |
| |
| ● |
正题名:走向生活
索取号:H3/241:2
 
预约/预借
| 序号
|
登录号
|
条形码
|
馆藏地/架位号
|
状态
|
备注
|
|
1
|
74327
|
200743277
|
海科密-1楼/25架4列2层/
[索取号:H3/241:2]
|
在馆
|
|